| 000 | 01137nam a2200253 i 4500 | ||
|---|---|---|---|
| 001 | 163320 | ||
| 003 | ES-MaACL | ||
| 005 | 20230906212721.0 | ||
| 008 | 931025s1893 sp |||| | spa d | ||
| 100 | 1 |
_aReparaz, Gonzalo de, _d1860-1939 _9131716 |
|
| 245 | 1 | 0 |
_aMelilla : _bpeligros, desaciertos de España, urgente necesidad de remediarlos, manera de hacerlo : nociones de política hispano-marroquí / _cpor G. Reparaz. |
| 260 |
_aMadrid : _b[s.n.], _c1893 ( _fEst. Tip. "Sucesores de Rivadeneyra") |
||
| 300 |
_a77 p. ; _c19 cm. |
||
| 500 | _aPalau 261238. | ||
| 530 | _aDisponible en formato digital. | ||
| 594 | _aPrecede al tít: Marruecos-El Rif. | ||
| 650 | 4 |
_aGuerra de Melilla, 1893. _9149771 |
|
| 651 | 4 |
_aEspaña- _xRelaciones- _zMarruecos. _98470 |
|
| 651 | 4 |
_aMarruecos- _xRelaciones- _zEspaña. _99034 |
|
| 852 |
_aES-MaACL _jFol-Laf-429 |
||
| 852 |
_aES-MaACL _jT-714-F-1 _z- Enc. hol., conservando la enc. original _z- Enc. en un vol. facticio _z- Dedicatoria autógrafa del autor |
||
| 856 |
_uhttp://bdh-rd.bne.es/viewer.vm?id=0000252265&page=1 _zBiblioteca Digital Hispánica |
||
| 999 |
_c163320 _d163320 |
||